Zdaňovanie príjmov zrážkovou daňou bakalárska práca

Salvato in:
Dettagli Bibliografici
Autore principale: Marek, Jozef
Ente Autore: Fakulta hospodárskej informatiky EU. Katedra účtovníctva a audítorstva
Altri autori: Krišková, Petra, 1981-
Natura: Libro
Lingua:slovacco
Pubblicazione: Bratislava 2020
Tags: Aggiungi Tag
Nessun Tag, puoi essere il primo ad aggiungerne!!

MARC

LEADER 00000nbm a2200000 4500
001 0268107
005 20210427213643.2
041 0 |a slo 
044 |a SK 
245 1 0 |a Zdaňovanie príjmov zrážkovou daňou  |b bakalárska práca  |c Jozef Marek ; školiteľ: Petra Krišková 
264 1 |a Bratislava  |c 2020 
300 |a 45 s. 
100 1 |a Marek, Jozef 
700 1 |a Krišková, Petra, 1981- 
710 2 |a Fakulta hospodárskej informatiky EU. Katedra účtovníctva a audítorstva